Visualizzazione normale
Vista MARC
- Ciarchi Paolo
di Personal Name
Records bibliografici associati: 1
001 - CONTROL NUMBER
- control field: 38899
003 - CONTROL NUMBER IDENTIFIER
- control field: IT-RoPau
005 - DATE AND TIME OF LATEST TRANSACTION
- control field: 20151126085823.0
008 - FIXED-LENGTH DATA ELEMENTS
- fixed length control field: 151126|| aca||aabn | a|a d
040 ## - CATALOGING SOURCE
- Original cataloging agency: IT-RoPau
- Transcribing agency: IT-RoPau
100 ## - HEADING--PERSONAL NAME
- Personal name: Ciarchi Paolo
- Relator term: (musica)
- Miscellaneous information: Codice Musica SPICS: 32891
670 ## - SOURCE DATA FOUND
- Source citation: Work cat.: (IT-RoPau)105002: Moliere Jean-Baptiste Codice regista SPICS: 3666 38896, MALATO IMMAGINARIO (IL) MALATO IMMAGINARIO (IL) (Rif. Codice opera principale : 26253)